000
00332 a2200157 4500
001
73075
020
_a
8574810010
040
_c
Anchieta - Colégio São Paulo
100
_a
Rota, Paulo Storace
240
1
0
_a
História
_l
por
245
1
0
_a
História
300
_a
116
362
0
_a
0
650
4
_a
História do mundo
942
_c
BK
999
_c
73075
_d
73075